| 000 | 00670cam a22002411 4500 | ||
|---|---|---|---|
| 999 |
_c20812 _d20812 |
||
| 001 | 6538498 | ||
| 003 | BDDh-ASL | ||
| 005 | 20231015025935.0 | ||
| 008 | 720906s1958 xx 000 0 eng | ||
| 010 | _a 58005505 | ||
| 035 | _a(OCoLC)399371 | ||
| 040 |
_aDLC _cODaWU _dDLC _dBDDh-ASL |
||
| 042 | _apremarc | ||
| 050 | 0 | 0 |
_aDS49 _b.S54 |
| 082 |
_a297.35 _bSIA |
||
| 100 | 1 |
_aSitwell, Sacheverell, _d1897-1988. |
|
| 245 | 1 | 0 | _aArabesque and honeycomb / |
| 260 |
_aNew York: _bRandom House _c[1958, c1957] |
||
| 300 |
_a224 p. _c24 cm. |
||
| 651 | 0 |
_aMiddle East _xDescription and travel. |
|
| 906 |
_a7 _bcbc _coclcrpl _du _encip _f19 _gy-gencatlg |
||
| 942 |
_2ddc _cBK |
||